Libya : the elusive revolution

Saved in:
Bibliographic Details
Main Author: First, Ruth, 1925-1982
Format: Book
Language:English
Published: Harmondsworth ; Baltimore : Penguin, 1974.
Series:(Penguin African library)
Subjects:
Tags: Add Tag
No Tags, Be the first to tag this record!

MARC

LEADER 00000cam a2200000 a 4500
001 1/113780
008 170504s1974####enk| ||| |||| ||eng||
020 |a 0140410406  
040 |a GR-MyUa  |b gre  |c GR-MyUa  |e AACR2 
041 0 |a eng 
082 7 |a 961.204   |2 (23) 
100 1 |a First, Ruth,   |d 1925-1982. 
245 1 0 |a Libya :   |b the elusive revolution /   |c Ruth First.  
260 |a Harmondsworth ;   |a Baltimore :   |b Penguin,   |c 1974.  
300 |a 294 σ. ;   |c 18 εκ.  
490 0 |a (Penguin African library) 
504 |a Βιβλιογραφία: σ. 277-[281], ευρετήριο.  
651 0 |a Libya  |x Politics and government. 
852 |a INST  |b LESVOS  |e 20170504  |h 961.204 FIR  |p 005100059109  |q 005100059109  |t BK  |y 0 
970 |a Τζαφέρη  |b Ευαγγελία  |z 04-05-2017